000 00490nam a22001577a 4500
008 250131b |||||||| |||| 00| 0 eng d
020 _a9781119371807
050 _aQD251.2
_b.S65
100 _aSmith, Michael B.
245 _aMarch's advanced organic chemistry :
_bReaction, Mechanisms, and structure / by
_cMichael B. Smith
250 _a8th ed.
260 _aU. S. A.
_bWiley & Sons
_c2020
300 _axxxiii, 2104p.
_bIncludes index
650 _aChemistry, Organic
942 _2lcc
_cBK
999 _c20588
_d20587